[Event "Southwest op U2000 65th"]
[Site "Houston"]
[Date "1999.09.04"]
[Round "2"]
[White "McGregor, Robert F"]
[Black "Green, Patrick A"]
[Result "1-0"]
[WhiteElo "1788"]
[BlackElo "1496"]
[PlyCount "141"]
[EventDate "1999.09.04"]
[EventType "swiss"]
[EventRounds "6"]
[EventCountry "USA"]
[SourceTitle "EXT 2001"]
[Source "ChessBase"]
[SourceDate "2000.11.22"]
[SourceVersion "1"]
[SourceVersionDate "2000.11.22"]
[SourceQuality "1"]

1. e4 c5 2. Ne2 Nc6 3. g3 e5 4. Bg2 Nf6 5. d3 Be7 6. 0-0 0-0 7. c3 d6 8. Nd2 Be6 9. h3 Qd7 10. Kh2 Rfd8 11. f4 Qc7 12. f5 Bc8 13. g4 h6 14. Ng3 d5 15. Qe2 b5 16. Nf3 d4 17. g5 hxg5 18. Bxg5 Nh7 19. h4 f6 20. Bd2 Bd7 21. h5 Kf7 22. Rh1 Rh8 23. Kg1 Rag8 24. Nh4 Nf8 25. Ng6 Nxg6 26. hxg6+ Ke8 27. Kf2 Bf8 28. Rh7 Rxh7 29. gxh7 Rh8 30. Qh5+ Kd8 31. Qf7 Ne7 32. Rh1 Be8 33. Qe6 Bd7 34. Qa6 Be8 35. cxd4 b4 36. d5 Qd7 37. a3 Nc8 38. axb4 cxb4 39. Qa5+ Qc7 40. Bxb4 Bxb4 41. Qxb4 Qc2+ 42. Ne2 Qxd3 43. Qc3 Qa6 44. b4 Nd6 45. Ra1 Qb6+ 46. Qc5 Nb5 47. Rh1 Nd6 48. Qxb6+ axb6 49. Nc3 g6 50. Rh6 gxf5 51. Rxf6 Ke7 52. Re6+ Kd7 53. exf5 Rxh7 54. Rxe5 Rh5 55. Ne4 Nxe4+ 56. Bxe4 Bf7 57. Bf3 Kd6 58. Bxh5 Kxe5 59. Bxf7 Kxf5 60. d6 Kf6 61. d7 Ke7 62. Be6 Kd8 63. Ke3 Kc7 64. Kd4 Kd8 65. Ke5 Kc7 66. Kf6 Kd8 67. b5 Kc7 68. Ke7 Kb7 69. d8Q Ka7 70. Qc7+ Ka8 71. Bd5# 1-0